La casa vacía / (Registro nro. 10863)

Detalles MARC
000 -LIDER
fixed length control field 00836nam a22002657a 4500
001 - NÚMERO DE CONTROL
Identificador de número de control 000385
003 - IDENTIFICACDOR DE NÚMERO DE CONTROL
control field DO-SdBNP
005 - DATE AND TIME OF LATEST TRANSACTION
control field 20180118105837.0
007 - CAMPOS FIJOS DE DESCRIPCIÓN FÍSICA
fixed length control field 000385
008 - ELEMENTOS DE LONGITUD FIJA
fixed length control field 160713b 1991 sp ||||| |||| 00| 0 spa d
020 ## - ISBN
International Standard Book Number 8479691069
040 ## - FUENTE DE CATALOGACIÓN
Agencia que crea de manera original el registro BPMSU
Idioma de catalogación spa
Agencia que realiza la transcripción BPMSU
100 1# - ASIENTO PRINCIPAL -- NOMBRE PERSONAL
Nombre personal Hoffmann, Ernst T. A.,
Fechas asociadas con el nombre 1776-1822.
245 10 - MENCIÓN DE TITULO
Título La casa vacía /
Mención de responsabilidad E. T. A. Hoffmann ; traducción, Celia y Rafael Lupiani.
260 ## - PUBLICACIÓN, DISTRIBUCIÓN, ETC. (PIE DE IMPRENTA)
Lugar de publicación, distribución, etc [Madrid] :
Nombre del editor, distribuidor, etc. Compañía Europea de Comunicación e Información,
Fecha de publicación, distribución, etc 1991.
300 ## - DESCRIPCIÓN FÍSICA
Extensión 93 p. ;
Dimensiones 19 cm.
490 1# - MENCIÓN DE SERIES
Mención de serie Biblioteca de El sol
Volume/sequential designation 87
505 0# - NOTA DE CONTENIDO
Título El corazón de piedra.
700 12 - ASIENTO SECUNDARIO -- NOMBRE PERSONAL
Nombre personal Lupiani, Celia,
Mención de responsabilidad tr.
700 12 - ASIENTO SECUNDARIO -- NOMBRE PERSONAL
Nombre personal Lupiani, Rafael,
Mención de responsabilidad tr.
830 #0 - ASIENTO SECUNDARIO DE SERIE--TÍTULO UNIFORME
Título uniforme Biblioteca de El sol ;
Volume number/sequential designation 87
942 ## - ADDED ENTRY ELEMENTS (KOHA)
Source of classification or shelving scheme Dewey Decimal Classification
Koha item type Libros
945 ## - INFORMACIÓN DE PROCESAMIENTO LOCAL
Información de procesamiento local Inventariado, 2018/MFF
956 ## - LOCAL ELECTRONIC LOCATION AND ACCESS (OCLC)
Método de acceso LOPEREZ
Materiales especificados 10
Enlace BPMSU
Campo enlazado y núm. de secuencia 20160713
Nombre de host 00041
Existencias
Withdrawn status Lost status Source of classification or shelving scheme Damaged status Not for loan Collection code Home library Current library Date acquired Source of acquisition Total Checkouts Barcode Date last seen Price effective from Koha item type
    Dewey Decimal Classification     Colección General Biblioteca Pública Metropolitana Salomé Ureña Biblioteca Pública Metropolitana Salomé Ureña 07/13/2016 Donación   BPMSU16070447 07/13/2016 07/13/2016 Libros